000 00798nam a2200241 i 4500
001 bg
100 1 _aTRZECIAK, Mieczysław
_d(1934- )
245 0 0 _aPodstawy ergonomii /
_cMieczysław Trzeciak.
250 _aWyd. 3 popr. i uzup.
260 _aRadom :
_bPR,
_c2000.
300 _a232 s. :
_bil. ;
_c20 cm.
490 1 _aSkrypty / Politechnika Radomska im. K. Pułaskiego,
_x0860-9241 ;
_vnr 3
504 _aBibliogr.
650 9 _aErgonomia
655 _aPodręczniki akademickie
830 0 _aSkrypty (Politechnika Radomska im. K. Pułaskiego) ;
_vnr 3
040 _cBPK
041 0 _apol
080 _a331.101.1(075.8)
942 _cKS
008 s pl f |000 0 pol
999 _c44181
_d44181
856 _uhttp://koha.tu.koszalin.pl/cgi-bin/koha/opac-detail.pl?biblionumber=44181
_yKatalog online BPK